[Event "Stafford Loz Coopers Birthday"]
[Site "Stafford"]
[Date "2024.07.14"]
[Round "4"]
[White "Jackson, James P"]
[Black "Ghasi, Ameet K"]
[Result "0-1"]
[WhiteElo "2308"]
[BlackElo "2524"]
[PlyCount "139"]
[EventDate "2024.07.14"]
[EventType "swiss (blitz)"]
[EventRounds "9"]
[EventCountry "ENG"]
[SourceTitle "CBM 221 Extra"]
[Source "ChessBase"]
[SourceDate "2024.09.30"]
[SourceVersion "1"]
[SourceVersionDate "2024.09.30"]
[SourceQuality "1"]

1. e4 d6 2. d4 g6 3. Nc3 Bg7 4. Be3 a6 5. h4 h6 6. Qd2 Nd7 7. 0-0-0 b5 8. f3 Bb7 9. Nh3 e6 10. g4 Nb6 11. Bd3 Nf6 12. g5 hxg5 13. Nxg5 Qe7 14. Ne2 Nfd7 15. Kb1 0-0-0 16. c3 Kb8 17. Qe1 Bh6 18. Bc1 e5 19. d5 Nc5 20. Bc2 f6 21. Nh3 Bxc1 22. Nxc1 Rh6 23. Nf2 Rdh8 24. Ng4 Rh5 25. Ne3 Qh7 26. Qg3 g5 27. Nf5 Bc8 28. Nd3 gxh4 29. Qf2 Nxd3 30. Bxd3 Bxf5 31. exf5 h3 32. Rh2 Qh6 33. Rdh1 Nxd5 34. a4 Qe3 35. Qf1 c6 36. Be4 Nf4 37. Bxc6 Qc5 38. axb5 d5 39. Bd7 R8h7 40. Be6 Qxb5 41. Qf2 Rg5 42. Ka2 Qa4+ 43. Kb1 Qb5 44. Ka2 Rhg7 45. Qc2 Qc4+ 46. Ka3 Qc5+ 47. Ka2 Rg2 48. Qb3+ Kc7 49. Rxh3 Nxh3 50. Rxh3 Qc4 51. Bxd5 Qxb3+ 52. Kxb3 Rf2 53. Rh6 Kd6 54. Be4 Ke7 55. Rh8 Rgg2 56. Rh7+ Kf8 57. Kc4 Rxb2 58. Ra7 Rb6 59. Kc5 Rgb2 60. Bc6 Rb8 61. Kd6 R2b6 62. Rc7 Re8 63. c4 a5 64. c5 Ra6 65. Kd5 Rd8+ 66. Ke6 Kg8 67. Kxf6 a4 68. Kg6 a3 69. f6 a2 70. Bb5 0-1

[Event "Stafford Loz Coopers Birthday"]
[Site "Stafford"]
[Date "2024.07.14"]
[Round "6"]
[White "Jackson, James P"]
[Black "Richardson, Alex"]
[Result "1-0"]
[WhiteElo "2308"]
[BlackElo "2154"]
[PlyCount "77"]
[EventDate "2024.07.14"]
[EventType "swiss (blitz)"]
[EventRounds "9"]
[EventCountry "ENG"]
[SourceTitle "CBM 221 Extra"]
[Source "ChessBase"]
[SourceDate "2024.09.30"]
[SourceVersion "1"]
[SourceVersionDate "2024.09.30"]
[SourceQuality "1"]

1. e4 c6 2. d4 d5 3. e5 c5 4. dxc5 e6 5. Be3 Nd7 6. Nf3 Bxc5 7. Bxc5 Nxc5 8. Qd4 Qb6 9. Nbd2 Ne7 10. Nb3 Nxb3 11. axb3 Qxd4 12. Nxd4 0-0 13. f4 Nc6 14. Nf3 f6 15. exf6 Rxf6 16. g3 e5 17. Nxe5 Nxe5 18. fxe5 Re6 19. Kd2 Rxe5 20. Bd3 Be6 21. Rhe1 Rxe1 22. Rxe1 Re8 23. Bf5 Bf7 24. Rxe8+ Bxe8 25. Kd3 Kf7 26. Kd4 Bc6 27. b4 a6 28. Bd3 g6 29. Kc5 Ke6 30. Bxa6 bxa6 31. Kxc6 h5 32. Kb6 Kf5 33. Kxa6 Kg4 34. b5 Kh3 35. b6 Kxh2 36. b7 Kxg3 37. b8Q+ Kg4 38. Kb5 h4 39. Kc5 1-0

[Event "Stafford Loz Coopers Birthday"]
[Site "Stafford"]
[Date "2024.07.14"]
[Round "5"]
[White "Sullivan, Luke"]
[Black "Jackson, James P"]
[Result "0-1"]
[WhiteElo "1681"]
[BlackElo "2308"]
[PlyCount "50"]
[EventDate "2024.07.14"]
[EventType "swiss (blitz)"]
[EventRounds "9"]
[EventCountry "ENG"]
[SourceTitle "CBM 221 Extra"]
[Source "ChessBase"]
[SourceDate "2024.09.30"]
[SourceVersion "1"]
[SourceVersionDate "2024.09.30"]
[SourceQuality "1"]

1. d4 Nf6 2. Bg5 e6 3. e3 h6 4. Bh4 d6 5. Bd3 Nbd7 6. Nf3 g5 7. Bg3 Nh5 8. Nbd2 Bg7 9. c3 a6 10. Ng1 Nxg3 11. hxg3 Qe7 12. Ne2 b6 13. e4 Bb7 14. Qc2 c5 15. Rc1 h5 16. f3 d5 17. e5 c4 18. Bxc4 dxc4 19. Nxc4 0-0-0 20. Nd6+ Kb8 21. c4 Nxe5 22. Nxb7 Nxf3+ 23. gxf3 Qxb7 24. Qd3 g4 25. 0-0 h4 0-1

[Event "Stafford Loz Coopers Birthday"]
[Site "Stafford"]
[Date "2024.07.14"]
[Round "1"]
[White "Sygnowski, Tomasz"]
[Black "Jackson, James P"]
[Result "0-1"]
[WhiteElo "2194"]
[BlackElo "2308"]
[PlyCount "78"]
[EventDate "2024.07.14"]
[EventType "swiss (blitz)"]
[EventRounds "9"]
[EventCountry "ENG"]
[SourceTitle "CBM 221 Extra"]
[Source "ChessBase"]
[SourceDate "2024.09.30"]
[SourceVersion "1"]
[SourceVersionDate "2024.09.30"]
[SourceQuality "1"]

1. e4 c5 2. Nc3 Nc6 3. Bb5 Na5 4. Nf3 a6 5. Be2 e6 6. 0-0 Qc7 7. Re1 d6 8. d3 Nf6 9. Bf4 Nc6 10. Bf1 Be7 11. e5 dxe5 12. Nxe5 Nxe5 13. Bxe5 Bd6 14. f4 Bd7 15. Bxf6 gxf6 16. Ne4 f5 17. Nf6+ Ke7 18. Nxd7 Kxd7 19. g3 h5 20. Bg2 Rag8 21. d4 cxd4 22. Qxd4 Kc8 23. b4 h4 24. Re3 Kb8 25. c4 Bxb4 26. Rb1 Bc5 27. Rxb7+ Qxb7 28. Qxc5 Qb1+ 29. Kf2 hxg3+ 30. hxg3 Qxa2+ 31. Re2 Qb3 32. Qd6+ Kc8 33. Qc5+ Kb8 34. Qe5+ Kc8 35. Rb2 Qxg3+ 36. Kf1 Qd3+ 37. Ke1 Rh1+ 38. Bxh1 Rg1+ 39. Kf2 Rf1+ 0-1

[Event "Stafford Loz Coopers Birthday"]
[Site "Stafford"]
[Date "2024.07.14"]
[Round "9"]
[White "Willow, Jonah B"]
[Black "Jackson, James P"]
[Result "1-0"]
[WhiteElo "2300"]
[BlackElo "2308"]
[PlyCount "41"]
[EventDate "2024.07.14"]
[EventType "swiss (blitz)"]
[EventRounds "9"]
[EventCountry "ENG"]
[SourceTitle "CBM 221 Extra"]
[Source "ChessBase"]
[SourceDate "2024.09.30"]
[SourceVersion "1"]
[SourceVersionDate "2024.09.30"]
[SourceQuality "1"]

1. e4 g6 2. d4 Bg7 3. Nc3 d6 4. f4 a6 5. Nf3 Nd7 6. Be3 b5 7. d5 Bb7 8. Bd4 Bxd4 9. Qxd4 f6 10. a4 c5 11. dxc6 Bxc6 12. Bd3 b4 13. Qxb4 Rb8 14. Qd4 Qa5 15. 0-0 Nh6 16. Nd2 Qc5 17. Qxc5 Nxc5 18. Rfb1 Rb4 19. b3 d5 20. exd5 Bxd5 21. Nxd5 1-0

[Event "Stafford Wood Green"]
[Site "Stafford"]
[Date "2024.07.12"]
[Round "1"]
[White "Haydon, David Leslie"]
[Black "Jackson, James P"]
[Result "0-1"]
[WhiteElo "2255"]
[BlackElo "2357"]
[PlyCount "80"]
[EventDate "2024.07.12"]
[EventType "tourn"]
[EventRounds "9"]
[EventCountry "ENG"]
[EventCategory "6"]
[SourceTitle "CBM 221 Extra"]
[Source "ChessBase"]
[SourceDate "2024.09.30"]
[SourceVersion "1"]
[SourceVersionDate "2024.09.30"]
[SourceQuality "1"]

1. e4 e5 2. Nf3 Nc6 3. Bb5 a6 4. Ba4 Nf6 5. d3 b5 6. Bb3 Bc5 7. c3 d6 8. h3 Bb6 9. a4 Rb8 10. Na3 b4 11. Nc4 Ba7 12. a5 h6 13. Be3 Bxe3 14. Nxe3 0-0 15. 0-0 Be6 16. Bc4 Bxc4 17. Nxc4 Re8 18. Re1 Rb5 19. d4 bxc3 20. bxc3 exd4 21. Nxd4 Nxd4 22. Qxd4 Qa8 23. f3 Qc6 24. Ne3 Qc5 25. Ra4 Rxa5 26. Rxa5 Qxa5 27. Nf5 Qe5 28. Ra1 a5 29. Ne3 Qg5 30. Nf5 Re5 31. Rf1 Nh5 32. Kh2 Rb5 33. Rf2 Qc1 34. Qe3 Qa1 35. g4 Nf6 36. Qf4 Qxc3 37. g5 Nh5 38. Qg4 Rb2 39. Qxh5 Rxf2+ 40. Kg3 Qd2 0-1

[Event "Stafford Wood Green"]
[Site "Stafford"]
[Date "2024.07.12"]
[Round "2"]
[White "Jackson, James P"]
[Black "Fitzsimons, David"]
[Result "1-0"]
[WhiteElo "2357"]
[BlackElo "2320"]
[PlyCount "107"]
[EventDate "2024.07.12"]
[EventType "tourn"]
[EventRounds "9"]
[EventCountry "ENG"]
[EventCategory "6"]
[SourceTitle "CBM 221 Extra"]
[Source "ChessBase"]
[SourceDate "2024.09.30"]
[SourceVersion "1"]
[SourceVersionDate "2024.09.30"]
[SourceQuality "1"]

1. c4 Nf6 2. Nf3 c5 3. g3 b6 4. Bg2 Bb7 5. 0-0 e6 6. Nc3 Be7 7. d4 cxd4 8. Qxd4 d6 9. Bg5 h6 10. Bxf6 Bxf6 11. Qf4 0-0 12. Rfd1 Qe7 13. Qxd6 Qxd6 14. Rxd6 Na6 15. Rc1 Rfd8 16. Rxd8+ Rxd8 17. Rd1 Rc8 18. Nb5 Bxf3 19. Bxf3 Rxc4 20. Rd7 Rb4 21. Rxa7 Rxb5 22. Rxa6 Rxb2 23. Ra8+ Kh7 24. Rf8 Bd4 25. Rxf7 Rxa2 26. Re7 Ra1+ 27. Kg2 e5 28. h4 Ra5 29. e3 Bc3 30. Rb7 b5 31. h5 b4 32. Rb8 g5 33. Be4+ Kg7 34. Rb6 Kf8 35. Rxh6 Rb5 36. Rc6 Rb8 37. Rg6 b3 38. h6 b2 39. h7 Kf7 40. Rb6 Rd8 41. Rb3 Ba5 42. Rxb2 Kg7 43. Rc2 Rf8 44. Kh3 Bd8 45. Rc8 Be7 46. Rc7 Kf6 47. Kg4 Rh8 48. Rc6+ Kg7 49. Rg6+ Kf7 50. Rg8 Bf6 51. Bg6+ Ke7 52. e4 Kd7 53. Kf5 Ke7 54. g4 1-0

[Event "ENG-ch"]
[Site "Kenilworth"]
[Date "2024.06.22"]
[Round "5"]
[White "Wadsworth, Matthew J"]
[Black "Jackson, James P"]
[Result "1-0"]
[WhiteElo "2467"]
[BlackElo "2358"]
[PlyCount "103"]
[EventDate "2024.06.20"]
[EventType "swiss"]
[EventRounds "7"]
[EventCountry "ENG"]
[SourceTitle "CBM 220 Extra"]
[Source "ChessBase"]
[SourceDate "2024.07.31"]
[SourceVersion "1"]
[SourceVersionDate "2024.07.31"]
[SourceQuality "1"]

1. d4 Nf6 2. c4 g6 3. g3 Bg7 4. Bg2 0-0 5. Nc3 d6 6. h3 Nc6 7. Nf3 e5 8. Be3 exd4 9. Nxd4 Ne5 10. b3 a6 11. Qd2 Rb8 12. Rd1 Re8 13. 0-0 Bd7 14. Bg5 Qc8 15. g4 h5 16. f4 Nc6 17. f5 Nh7 18. Nxc6 bxc6 19. fxg6 fxg6 20. Bh6 hxg4 21. Bxg7 Kxg7 22. Qd4+ Kg8 23. Ne4 Bf5 24. Ng3 Re5 25. Bxc6 Be6 26. hxg4 Qd8 27. Qxe5 dxe5 28. Rxd8+ Rxd8 29. Bd5 Bxd5 30. Rd1 e4 31. cxd5 Nf6 32. g5 Rxd5 33. Rxd5 Nxd5 34. Nxe4 Kf7 35. Kf2 a5 36. Nc5 Ke7 37. a4 Nb4 38. Kf3 Kd6 39. Nb7+ Ke5 40. Nxa5 Kf5 41. Nc4 Kxg5 42. Ne5 Kf5 43. Nd3 Nc6 44. e4+ Ke6 45. b4 Na7 46. Kf4 Nc8 47. a5 Kd6 48. Kg5 Kc6 49. e5 Kb5 50. e6 c5 51. Nxc5 Kxb4 52. a6 1-0

[Event "BCF-chT 2324 (4NCL)"]
[Site "England"]
[Date "2024.05.05"]
[Round "10.3"]
[White "Jackson, James P"]
[Black "Arkell, Keith C"]
[Result "1-0"]
[WhiteElo "2355"]
[BlackElo "2377"]
[PlyCount "137"]
[EventDate "2023.11.11"]
[EventType "team-tourn"]
[EventRounds "11"]
[EventCountry "ENG"]
[SourceTitle "EXT 2025"]
[Source "ChessBase"]
[SourceDate "2024.10.14"]
[SourceVersion "1"]
[SourceVersionDate "2024.10.14"]
[SourceQuality "1"]
[WhiteTeam "Wood Green Youth"]
[BlackTeam "Cheddleton"]
[WhiteTeamCountry "ENG"]
[BlackTeamCountry "ENG"]

1. c4 c6 2. Nf3 d5 3. g3 Nf6 4. Bg2 Bf5 5. Qb3 Qb6 6. d3 e6 7. Be3 Qxb3 8. axb3 a6 9. Nh4 Bg6 10. 0-0 Nbd7 11. Nxg6 hxg6 12. Bd2 Rd8 13. b4 Bd6 14. b3 0-0 15. Na3 Rfe8 16. Nc2 Bc7 17. Rfd1 Bb6 18. Be1 e5 19. e4 dxe4 20. dxe4 Nf8 21. c5 Bc7 22. f3 Ne6 23. Bf2 g5 24. h3 Nh5 25. Bf1 Nd4 26. Nxd4 exd4 27. g4 Nf4 28. Bxd4 Re7 29. Bf2 Red7 30. Rxd7 Rxd7 31. h4 Be5 32. Rc1 gxh4 33. Bxh4 Rd2 34. Be1 Rb2 35. Bc3 Bxc3 36. Rxc3 Kh7 37. Bc4 Kg6 38. Kf1 f6 39. Ke1 Kg5 40. Kd1 Kh4 41. Re3 Kg3 42. e5 Ng2 43. Re4 fxe5 44. Rxe5 Rb1+ 45. Kd2 Nh4 46. Kc2 Rh1 47. Re7 g5 48. Rxb7 Nxf3 49. Bxa6 Kxg4 50. Be2 Kg3 51. Bxf3 Kxf3 52. Rf7+ Ke3 53. Rg7 Kd4 54. Rd7+ Ke3 55. Rd6 Rh8 56. Rxc6 Rg8 57. Re6+ Kf2 58. Kd2 g4 59. Rf6+ Kg1 60. b5 g3 61. b6 g2 62. b7 Rd8+ 63. Kc3 Rg8 64. c6 Kh1 65. Rh6+ Kg1 66. c7 Kf1 67. b8Q Rg3+ 68. Kb2 g1Q 69. Qb5+ 1-0